| 000 | 00800nam a22002177a 4500 | ||
|---|---|---|---|
| 005 | 20240530110933.0 | ||
| 008 | 220221s2007 ua c g b 000 0 ara d | ||
| 017 | _bمصر. دار الكتب | ||
| 040 |
_aEG-CaGPL _cEG-CaGPL |
||
| 082 | 0 | 4 |
_221 _a352.106 / _bى م |
| 100 | 0 | _aيسرى مصطفى | |
| 245 |
_aالمنظمات غير الحكومية / _cيسرى مصطفى |
||
| 260 |
_aالقاهرة : _bمركز القاهرة لدراسات حقوق الانسان ، _c2007 |
||
| 300 |
_a73 ص؛ _c20 سم |
||
| 490 |
_aتعليم حقوق الانسان _v( 18 ) |
||
| 650 | 0 | 7 |
_aالمنظمات غير الحكومية _2qrmak |
| 650 | 0 | 7 |
_aالمجتمع المدنى _2qrmak |
| 650 | 0 | 7 |
_aالشباب _2qrmak |
| 942 |
_2ddc _cBK |
||
| 999 |
_c66680 _d66680 |
||